000 00523nam a2200205Ia 4500
005 20250923144733.0
008 008 250917s9999 xx 000 0 eng d
037 _aTextual
040 _aDSWL
_beng
_cDSWL
041 _aeng
_2eng
084 _qDSWL
100 _aJones, Eve
_9827896
245 0 _aNatural child rearing
_cby Eve Jones
260 _aGlencoe
_b Free Press of Glencoe
_c1959
300 _a288p.
365 _aUSD
_b4.95
925 _g4.95
942 _cTEXL
999 _c1442708
_d1442708